000 00702nam a2200181Ia 4500
005 20250423101358.0
008 250422s9999 xx 000 0 und d
020 _a0136499899
050 _aDQ 769. F717/
100 _aFranck, Irene M.
245 4 _aThe parent’s desk reference
260 _aNew York
260 _bPrentice Hall
260 _c1991
300 _a615 p
650 _aChild rearing _ United States _ Handbooks, manuals, etc. Parenting _ United States _ Handbooks, manuals, etc. Children _ United States _ Handbooks, manuals, etc. Children _ Health and hygiene _ United States _ Handbooks, manuals, etc. Child development _ United States _ Handbooks, manuals, etc.
942 _cBK
999 _c36135
_d36135